Sports Quiz

Random Sports or Football Quiz
Score 0/244 Timer 15:00
0 Plays Today
Month Name % Correct
January 2020Sergio Agüero
94.9%
October 2020Son Heung-min
93.8%
February 2019Sergio Agüero
93.5%
January 2016Sergio Agüero
93.5%
January 2018Sergio Agüero
93.5%
April 2016Sergio Agüero
93.5%
October 2013Sergio Agüero
93.5%
November 2014Sergio Agüero
93.5%
February 2015Harry Kane
92.6%
February 2017Harry Kane
92.6%
January 2015Harry Kane
92.6%
March 2016Harry Kane
92.6%
September 2017Harry Kane
92.6%
December 2017Harry Kane
92.6%
December 2011Demba Ba
91.8%
January 2021İlkay Gündoğan
91.7%
April 2000Thierry Henry
91.4%
September 2002Thierry Henry
91.4%
January 2004Thierry Henry
91.4%
April 2004Thierry Henry
91.4%
November 2020Bruno Fernandes
91.4%
October 2019Jamie Vardy
91.3%
April 2019Jamie Vardy
90.9%
October 2015Jamie Vardy
90.9%
November 2015Jamie Vardy
90.9%
December 2020Bruno Fernandes
90.6%
November 1994Alan Shearer
90.6%
September 1998Alan Shearer
90.6%
December 2002Alan Shearer
90.6%
October 2003Alan Shearer
90.6%
February 2018Mohamed Salah
90.5%
March 2018Mohamed Salah
90.5%
November 2017Mohamed Salah
90.5%
November 2019Sadio Mané
90.4%
March 2001Steven Gerrard
90.3%
March 2003Steven Gerrard
90.3%
December 2004Steven Gerrard
90.3%
April 2006Steven Gerrard
90.3%
March 2009Steven Gerrard
90.3%
March 2014Steven Gerrard
90.3%
November 2006Cristiano Ronaldo
90.3%
December 2006Cristiano Ronaldo
90.3%
January 2008Cristiano Ronaldo
90.3%
March 2008Cristiano Ronaldo
90.3%
March 2019Sadio Mané
90.3%
August 2017Sadio Mané
90.3%
November 2005Robin van Persie
89.9%
April 2013Robin van Persie
89.9%
October 2009Robin van Persie
89.9%
October 2011Robin van Persie
89.9%
December 2012Robin van Persie
89.9%
August 2006Ryan Giggs
89%
February 2007Ryan Giggs
89%
June 2020Bruno Fernandes
88.5%
September 2018Eden Hazard
88.4%
October 2016Eden Hazard
88.4%
April 2017Son Heung-min
88.2%
September 2016Son Heung-min
88.2%
February 2005Wayne Rooney
87.9%
December 2005Wayne Rooney
87.9%
March 2006Wayne Rooney
87.9%
October 2007Wayne Rooney
87.9%
January 2010Wayne Rooney
87.9%
September 2003Frank Lampard
87.8%
April 2005Frank Lampard
87.8%
October 2005Frank Lampard
87.8%
October 2008Frank Lampard
87.8%
February 2013Gareth Bale
87.7%
January 2012Gareth Bale
87.7%
April 2010Gareth Bale
87.7%
March 2014Luis Suárez
86.5%
December 2013Luis Suárez
86.5%
October 1998Roy Keane
85.9%
December 1999Roy Keane
85.9%
August 1999Robbie Keane
85.8%
January 2001Robbie Keane
85.8%
April 2007Robbie Keane
85.8%
August 2016Raheem Sterling
85.4%
November 2018Raheem Sterling
85.4%
January 2003Paul Scholes
85.1%
December 2003Paul Scholes
85.1%
October 2006Paul Scholes
85.1%
Month Name % Correct
August 2010Paul Scholes
85.1%
November 1997Andy Cole
84.6%
February 2020Bruno Fernandes
84.6%
March 2005Joe Cole
84.4%
April 2007Dimitar Berbatov
84.1%
January 2011Dimitar Berbatov
84.1%
March 2017Romelu Lukaku
83.7%
February 2008Fernando Torres
83.4%
September 2009Fernando Torres
83.4%
August 1997Dennis Bergkamp
83.4%
September 1997Dennis Bergkamp
83.4%
March 2002Dennis Bergkamp
83.4%
February 2004Dennis Bergkamp
83.4%
September 2011David Silva
82.5%
September 2019Pierre-Emerick Aubameyang
82.2%
October 2018Pierre-Emerick Aubameyang
81.6%
December 2018Virgil van Dijk
81.1%
December 2016Zlatan Ibrahimović
81%
January 2007Cesc Fàbregas
80.6%
September 2007Cesc Fàbregas
80.6%
February 1996Dwight Yorke
80.4%
January 1999Dwight Yorke
80.4%
March 2000Dwight Yorke
80.4%
October 2017Leroy Sané
80.4%
October 2001Rio Ferdinand
80.2%
January 2019Marcus Rashford
80.1%
January 2006Anton Ferdinand
79.8%
December 2001Ruud van Nistelrooy
79.2%
February 2002Ruud van Nistelrooy
79.2%
April 2003Ruud van Nistelrooy
79.2%
January 2017Dele Alli
79.2%
August 2011Edin Džeko
78.9%
December 2019Trent Alexander-Arnold
78.8%
April 2018Wilfried Zaha
78.5%
August 1998Michael Owen
77.6%
January 2009Nemanja Vidić
77.3%
September 2020Dominic Calvert-Lewin
76.5%
January 2002Marcus Bent
76.3%
August 2005Darren Bent
76.3%
August 1996David Beckham
76.1%
February 2003Robert Pires
75.9%
August 2019Teemu Pukki
75.9%
August 2018Lucas Moura
75.6%
December 1996Gianfranco Zola
73.7%
October 2002Gianfranco Zola
73.7%
August 2014Diego Costa
72.6%
November 2016Diego Costa
72.6%
December 1995Robbie Fowler
72.5%
January 1996Robbie Fowler
72.5%
March 2007Petr Čech
72.1%
January 2005John Terry
72%
September 2013Aaron Ramsey
71.9%
March 1996Eric Cantona
71.6%
December 2009Carlos Tevez
70.6%
September 2015Anthony Martial
70.3%
August 1994Jürgen Klinsmann
69.8%
August 2009Jermain Defoe
68.1%
April 2009Andrey Arshavin
67.2%
February 1999Nicolas Anelka
66%
November 2008Nicolas Anelka
66%
April 2015Christian Benteke
65.9%
March 2012Gylfi Sigurðsson
65.8%
April 2002Freddie Ljungberg
65.5%
December 1994Matt Le Tissier
64.7%
October 1996Matt Le Tissier
64.7%
July 2020Michail Antonio
64%
October 2000Teddy Sheringham
64%
August 2003Teddy Sheringham
64%
November 1996Ian Wright
61.6%
February 2014Daniel Sturridge
61.4%
August 2013Daniel Sturridge
61.4%
December 2007Roque Santa Cruz
60.6%
March 2015Olivier Giroud
60.5%
October 2010Rafael van der Vaart
59.2%
March 2013Jan Vertonghen
58.2%
September 2014Graziano Pellè
57.3%
November 1994Chris Sutton
56.8%
February 1998Chris Sutton
56.8%
October 2012Juan Mata
56.4%
August 2015André Ayew
56.1%
October 1999Kevin Phillips
55.6%
October 2004Andrew Johnson
55.6%
Month Name % Correct
September 2006Andrew Johnson
55.6%
September 2001Juan Sebastián Verón
55.3%
January 2014Adam Johnson
54.9%
April 2008Ashley Young
53.8%
September 2008Ashley Young
53.8%
December 2008Ashley Young
53.8%
November 2003Jay-Jay Okocha
53%
December 2015Odion Ighalo
52.4%
August 1995David Ginola
52.3%
December 1998David Ginola
52.3%
March 2010Florent Malouda
51.6%
August 2008Deco
51.4%
November 2004Arjen Robben
50.6%
August 2002Sylvain Wiltord
49.3%
March 1995Tony Yeboah
49%
September 1995Tony Yeboah
49%
August 2000Alan Smith
48.9%
August 2001Louis Saha
47.7%
March 1997Juninho
47.6%
November 1999Sami Hyypiä
47.5%
December 2014Charlie Austin
46.8%
February 1995Duncan Ferguson
46.2%
August 2004José Antonio Reyes
46.2%
March 2011David Luiz
46.2%
November 2007Gabriel Agbonlahor
46.2%
February 2012Peter Odemwingie
45.7%
April 2011Peter Odemwingie
45.7%
September 2010Peter Odemwingie
45.7%
April 1998Emmanuel Petit
45.3%
February 2010Mark Schwarzer
43.7%
April 1999Kevin Campbell
43.6%
November 2012Marouane Fellaini
43.6%
September 1996Patrik Berger
43.3%
January 1998Dion Dublin
42.8%
November 1998Dion Dublin
42.8%
September 2012Steven Fletcher
42.8%
April 1996Andrei Kanchelskis
42.3%
December 2010Samir Nasri
42%
October 1997Paulo Wanchope
41.9%
April 2012Nikica Jelavić
40.7%
February 2011Scott Parker
40.3%
November 2011Scott Parker
40.3%
April 1995David Seaman
40.2%
December 1997Steve McManaman
40.2%
February 2004Edu
39.8%
February 2006Kevin Nolan
39.7%
March 2004Mikael Forssell
39.6%
March 1999Ray Parlour
38.4%
October 1994Paul Ince
38.1%
September 1999Muzzy Izzet
37.8%
December 2000James Beattie
37.7%
November 2002James Beattie
37.7%
November 1997Kevin Davies
36.1%
September 2004Ledley King
35.6%
November 2010Johan Elmander
33.4%
November 2013Tim Krul
32.1%
April 2001Gary McAllister
32%
November 2001Danny Murphy
28.5%
September 2005Danny Murphy
28.5%
September 1994Rob Lee
27.5%
November 1995Rob Lee
27.5%
February 2009Phil Jagielka
27.3%
January 1996Stan Collymore
27.2%
October 2014Diafra Sakho
26.1%
March 1998Alex Manninger
25.7%
February 2000Paul Merson
24.8%
February 1997Robbie Earle
24.5%
October 1995Trevor Sinclair
22.8%
August 2007Micah Richards
22.8%
January 1997Tim Flowers
22.2%
September 2000Tim Flowers
22.2%
January 2013Adam le Fondre
22.1%
February 2016Fraser Forster
20.1%
November 2009Jimmy Bullard
18.9%
November 2000Paul Robinson
17.8%
January 1995Chris Waddle
17.6%
January 2000Gareth Southgate
16.9%
April 2014Connor Wickham
12%
February 2001Stuart Pearce
9.8%
April 1997Mickey Evans
7.8%
Remove Ads.
Support Sporcle.
Get the best of Sporcle when you Go Orange. This ad-free experience offers more features, more stats, and more fun while also helping to support Sporcle. Thank you for becoming a member.

You're not logged in!

Compare scores with friends on all Sporcle quizzes.
OR
Log In

Show Comments

Extras

Top Quizzes Today


Score Distribution

Your Account Isn't Verified!

In order to create a playlist on Sporcle, you need to verify the email address you used during registration. Go to your Sporcle Settings to finish the process.

Report this User

Report this user for behavior that violates our Community Guidelines.

Details: